[Event "Kostroma Volga Cup op"]
[Site "Kostroma"]
[Date "2010.07.??"]
[Round "7"]
[White "Shmarina, Daria"]
[Black "Kulakov, M."]
[Result "0-1"]
[WhiteElo "1865"]
[BlackElo "2088"]
[PlyCount "60"]
[EventDate "2010.07.??"]
[EventType "swiss"]
[EventRounds "9"]
[EventCountry "RUS"]
[SourceTitle "EXT 2011"]
[Source "ChessBase"]
[SourceDate "2010.11.26"]
[SourceVersion "1"]
[SourceVersionDate "2010.11.26"]
[SourceQuality "1"]

1. e4 d6 2. d4 c6 3. Bc4 Nf6 4. Nc3 b5 5. Bd3 g6 6. h3 Bg7 7. Nf3 Nbd7 8. 0-0 e5 9. d5 b4 10. dxc6 bxc3 11. cxd7+ Bxd7 12. bxc3 Bc6 13. Re1 0-0 14. Ba3 Qc7 15. Nd2 Rfd8 16. Qe2 d5 17. Qe3 dxe4 18. Nxe4 Nxe4 19. Bxe4 Bxe4 20. Qxe4 f5 21. Qe3 e4 22. Bb2 Rab8 23. Rab1 Rxb2 24. Rxb2 Bxc3 25. Reb1 Bxb2 26. Qb3+ Kg7 27. Qxb2+ Kh6 28. h4 Rd2 29. Rc1 e3 30. fxe3 Qc6 0-1

[Event "Kostroma Volga Cup op"]
[Site "Kostroma"]
[Date "2009.07.??"]
[Round "7"]
[White "Kulakov, M."]
[Black "Pristalov, Evgeny"]
[Result "1-0"]
[WhiteElo "2103"]
[BlackElo "1993"]
[PlyCount "125"]
[EventDate "2009.07.03"]
[EventType "swiss"]
[EventRounds "9"]
[EventCountry "RUS"]
[SourceTitle "EXT 2021"]
[Source "ChessBase"]
[SourceDate "2020.10.23"]
[SourceVersion "1"]
[SourceVersionDate "2020.10.23"]
[SourceQuality "1"]

1. e4 Nf6 2. Nc3 d5 3. e5 Ne4 4. Nf3 Bg4 5. Be2 e6 6. Nd4 Bxe2 7. Qxe2 Nxc3 8. dxc3 a6 9. Qg4 c5 10. Nb3 Qc7 11. Bf4 Nc6 12. Qg3 h6 13. h4 g6 14. 0-0 0-0-0 15. Rfe1 Be7 16. Qe3 b6 17. Bg3 Kb7 18. a4 a5 19. Qe2 d4 20. Nd2 Rd5 21. Nc4 Re8 22. Nd6+ Bxd6 23. exd6 Qd7 24. c4 Rf5 25. c3 e5 26. Qe4 Qxd6 27. Rad1 Ka7 28. f4 Re7 29. Qd5 Rd7 30. Qxd6 Rxd6 31. fxe5 Re6 32. cxd4 Nxd4 33. Kh2 Re7 34. Kh3 Kb7 35. Rf1 Rxf1 36. Rxf1 Nf5 37. Bf4 Rd7 38. Rf3 h5 39. g4 hxg4+ 40. Kxg4 Ng7 41. Kg5 Nh5 42. e6 fxe6 43. Kxg6 Nxf4+ 44. Rxf4 e5 45. Re4 Rd4 46. Kf5 Rd2 47. h5 Rxb2 48. Rh4 e4 49. Rxe4 Rh2 50. Kg5 Kc6 51. h6 Kd6 52. Rh4 Rg2+ 53. Rg4 Rh2 54. Kg6 b5 55. cxb5 c4 56. Rxc4 Rg2+ 57. Kh7 Kd5 58. Rc6 Rg4 59. Rg6 Rxa4 60. Kg7 Re4 61. h7 Re7+ 62. Kh6 Re8 63. Rg8 1-0

[Event "Kostroma Volga Cup op"]
[Site "Kostroma"]
[Date "2009.07.??"]
[Round "8"]
[White "Pogosian, Georgy"]
[Black "Kulakov, M."]
[Result "1-0"]
[WhiteElo "2241"]
[BlackElo "2103"]
[PlyCount "60"]
[EventDate "2009.07.03"]
[EventType "swiss"]
[EventRounds "9"]
[EventCountry "RUS"]
[SourceTitle "EXT 2021"]
[Source "ChessBase"]
[SourceDate "2020.10.23"]
[SourceVersion "1"]
[SourceVersionDate "2020.10.23"]
[SourceQuality "1"]

1. d4 Nf6 2. Nf3 c5 3. d5 d6 4. Nc3 a6 5. a4 g6 6. e4 Bg7 7. h3 Qa5 8. Bd2 Nbd7 9. Bc4 0-0 10. 0-0 Rb8 11. Re1 Qc7 12. Bg5 Re8 13. a5 Nh5 14. Qd2 b5 15. axb6 Qxb6 16. Ra2 Qb4 17. Bf1 Ne5 18. Nxe5 Bxe5 19. Nd1 a5 20. c3 Qb6 21. Ne3 Ba6 22. Nc4 Bxc4 23. Bxc4 Bf6 24. Be3 Ra8 25. g4 Kh8 26. gxh5 gxh5 27. Kh1 Rg8 28. b3 Rg6 29. Rg1 Rag8 30. Rxg6 hxg6 1-0

[Event "Kostroma Volga Cup op"]
[Site "Kostroma"]
[Date "2009.07.??"]
[Round "6"]
[White "Uliashov, Dmitriy"]
[Black "Kulakov, M."]
[Result "1-0"]
[WhiteElo "2274"]
[BlackElo "2103"]
[PlyCount "57"]
[EventDate "2009.07.03"]
[EventType "swiss"]
[EventRounds "9"]
[EventCountry "RUS"]
[SourceTitle "EXT 2021"]
[Source "ChessBase"]
[SourceDate "2020.10.23"]
[SourceVersion "1"]
[SourceVersionDate "2020.10.23"]
[SourceQuality "1"]

1. e4 g6 2. d4 Bg7 3. Nc3 a6 4. h4 h5 5. Bg5 b5 6. a3 d6 7. Nf3 Bg4 8. Be2 Nc6 9. d5 Bxf3 10. dxc6 Bxe2 11. Qxe2 Bxc3+ 12. bxc3 f6 13. Bd2 e5 14. c4 bxc4 15. Qxc4 Ne7 16. Qe6 Rf8 17. 0-0 Qc8 18. Qc4 Rf7 19. Rab1 Qg4 20. Rb7 Rc8 21. Bb4 f5 22. f3 Qxh4 23. Bxd6 cxd6 24. Qe6 Rd8 25. c7 Rc8 26. Rb8 Kf8 27. Rxc8+ Nxc8 28. Qxc8+ Kg7 29. Qd8 1-0